SPAL : Programa Berguedà Programa Berguedà
Publicado:
[Barcelona] :
Diputació de Barcelona. Àrea de Cooperació. Servei del Patrimoni Arquitectònic Local, [s.a.]
Descripción Física:
1 tríptic ; 20 cm
MARC
| LEADER | 00000nam a2200000Ia 4500 | ||
|---|---|---|---|
| 001 | 24550 | ||
| 008 | 160829s9999 xx 000 0 cat d | ||
| 080 | |a FU-67-45 | ||
| 245 | |a SPAL : |b Programa Berguedà | ||
| 260 | |a [Barcelona] : |b Diputació de Barcelona. Àrea de Cooperació. Servei del Patrimoni Arquitectònic Local, [s.a.] | ||
| 300 | |a 1 tríptic ; |c 20 cm | ||
| 650 | |a Edificis històrics |x Berguedà |x Activitats culturals |9 50424 | ||
| 710 | |a Barcelona (Catalunya : Província). |b Servei de Patrimoni Arquitectònic Local |9 19202 | ||
| 901 | |a Arxiu | ||
| 942 | |n 1 | ||
| 952 | |0 0 |1 0 |4 0 |6 FU6745 |7 1 |9 56024 |a Arxiu |b Arxiu |d 2016-12-01 |l 0 |o FU-67-45 |p 24550 |r 2016-12-01 00:00:00 |w 2016-12-01 |y ARXIU | ||
| 999 | |c 59898 |d 59898 | ||